000 01182nam a2200229Ia 4500
001 L261-18325
003 IT-CnALBA
008 170116s9999||||xx |||||||||||||| ||und||
040 _aIT-CnALBA
_cIT-CnALBA
041 _aITALIANO
100 _aBUTTERFIELD HERBERT
245 0 _aCRISTIANESIMO E STORIA.
250 _a1a ed.
260 _aCINISELLO BALSAMO (MI)
_bEDIZIONI PAOLINE
_c1959 [1° Ed.: n.d.]
300 _a205 p. (prefazione: 9)
500 _aTRADUZIONE DALL'INGLESE DI VITTORIA TOESCA. DIO DELLA STORIA. NATURA, STORIA E UOMO. RELIGIONE E SCIENZA. PROFEZIA E STORIA. STORIA E PERSONA UMANA. GIUDIZIO NELLA STORIA. PARADOSSI. CATACLISMI E CONFLITTI TRAGICI. LOTTA TRA BENE E MALE. SERVO SOFFERENTE.
501 _aSocietà San Paolo EM - Piazza San Paolo, 14 - 12051 ALBA (CN) (non commercial uses only) ® Copyright 2017
520 _aTRADUZIONE DALL'INGLESE DI VITTORIA TOESCA. DIO DELLA STORIA. NATURA, STORIA E UOMO. RELIGIONE E SCIENZA. PROFEZIA E STORIA. STORIA E PERSONA UMANA. GIUDIZIO NELLA STORIA. PARADOSSI. CATACLISMI E CONFLITTI TRAGICI. LOTTA TRA BENE E MALE. SERVO SOFFERENTE.
650 _aTEOLOGIA SOCIALE
942 _cBK
957 _71
999 _a23071
_bNO
_g Copie: 1
_c277456
_d277456